000 00437cam a22001934a 4500
005 20260202144545.0
008 250528s ||||||||||||||||||||||||d
035 _a22592
020 _a9780205372416
040 _aGR-AtMCL
_bgre
_dGR-AtMCL
_eAACR2
245 1 _aBIOPSYCHOLOGY
250 _a5
260 _bPearson,
_c2003
300 _a566
700 1 _aPinel, John P. J.
_9334
942 _cBK
999 _c7640
_d7640